| 000 | 00368nam a2200145Ia 4500 | ||
|---|---|---|---|
| 008 | 230917s9999||||xx |||||||||||||| ||und|| | ||
| 040 |
_e150589 _aMAIN |
||
| 041 | _aEnglish | ||
| 082 | _aB J334P:J | ||
| 100 | _aPatil, V.T. | ||
| 245 | 0 | _aJayaprakash Narayan sarvodaya to total revolution | |
| 260 |
_aNew delhi _bDeep & Deep _c1989 |
||
| 300 | _a138 p. | ||
| 942 | _cBK | ||
| 999 |
_c69954 _d69954 |
||